| 000 | 00434nam a2200169Ia 4500 | ||
|---|---|---|---|
| 001 | 2440 | ||
| 003 | IN-NITTTR | ||
| 005 | 20251114232930.0 | ||
| 008 | 251113s9999||||xx |||||||||||||| ||eng|| | ||
| 040 | _beng | ||
| 040 | _cIN-NITTTR | ||
| 041 | _aeng | ||
| 082 | _a621.38416 A S | ||
| 100 | _aThe American Radio Relay League, | ||
| 245 | 0 |
_aSingle sideband for the radio amateur. / _cThe American Radio Relay League |
|
| 942 |
_2ddc _cBK |
||
| 999 |
_c3796 _d3796 |
||